000 00762nam a22002777a 4500
001 BR0403827
003 BR-BrBNA
005 20230928101703.0
007 ta
008 230509b bl.||||| |||| 00| 0 por d
040 _aBR-BrBNA
_bpor
_cBiblioteca Nacional de Agricultura
041 _a(Por)
072 _aS20; E14
090 _ S20 BR0403827
100 1 _aFrei Betto
245 1 _aPrograma Fome Zero como participar; cartilha da mobilização social
_bIlustrações de Claudius
260 3 _a(np)(Brasil):
_c2003.
300 _a55 p.
500 _a25 illus.
650 _aFOME ZERO
650 _aTRABALHO VOLUNTÁRIO
650 _aPOLÍTICA DE DESENVOLVIMENTO
650 _aALIMENTAÇÃO
909 _a202309
_bLucia
_c55
_dLucia Elande
942 _cBK
999 _c67069
_d67069